000 00765nam a2200205Ia 4500
003 GCL
008 140319s9999 xx 000 0 ara d
040 _aGCL /
_cGCL
082 0 4 _a191
_bع ا
100 1 _aعبدالرحمن بدوى
245 1 0 _aارسطو طاليس فى النفس: الاراء الطبيعية المنسوب الى فلوطرخس الحاس والمحسوس لابن رشد النبات المنسوب الى ارسطو طاليس /
_cعبدالرحمن بدوى
700 1 _aارسطوطاليس
260 _a[S.N] :
_bدار القلم للتراث ،
_c1980
300 _a290 ص
490 _a
650 0 4 _aالفلسفة الاسلامية
650 0 4 _aالفلسفة
650 0 4 _aفلسفة ارسطو
942 _2ddc
_cBK
999 _c35166
_d35166